LEADER 02919nam 2200445 450 001 9910136563703321 005 20211014085019.0 010 $a1-62618-973-0 035 $a(CKB)3710000000908084 035 $a(MiAaPQ)EBC4730599 035 $a(EXLCZ)993710000000908084 100 $a20161111h20132013 uy 0 101 0 $aeng 135 $aurcnu|||||||| 181 $2rdacontent 182 $2rdamedia 183 $2rdacarrier 200 00$aCritical infrastructure $eresilience and prioritization issues /$fWesley A. Bernardes, editor 210 1$aNew York :$cNovinka,$d2013. 210 4$dİ2013 215 $a1 online resource (92 pages) $cillustrations, tables 225 1 $aDefense, Security and Strategies 311 $a1-62618-972-2 327 $aCritical Infrastructure Resilience: The Evolution of Policy and Programs and Issues for Congress / John D. Moteff, CRS -- Critical Infrastructure Protection: DHS List of Priority Assets Needs to Be Validated and Reported to Congress / GAO. 330 $aCritical infrastructure are those assets, the loss of which would result in great harm to the nation's security, economy, health and safety, and morale. They include assets necessary to generate and distribute such basic goods and services as electricity, drinking water, telecommunications, banking and finance, etc. Resilience refers to the ability of a system to resist, absorb, recover from, or successfully adapt to a change in environment or conditions. The Critical Infrastructure Task Force has argued that government policies encouraged employing greater defenses such as surveillance equipment, guards, etc., around these assets but did less to encourage efforts that would allow assets to continue operating at some level, or quickly return to full operation, if attacked. Such efforts might include increasing redundancies (such as having multiple backup power generation capability) or designing more robust systems for the future (such as using more hardened concrete for stronger fixed facilities). This book discusses the concept of resilience in the context of critical infrastructure and homeland security. It also identifies and discusses issues related to the evolution of policy and programs at the Department of Homeland Security (DHS) that are meant to, or could, promote the resiliency of the nation's critical infrastructure. 410 0$aDefense, security and strategy series. 606 $aNational security$zUnited States 606 $aPublic works$xSecurity measures$xUnited States 607 $aUnited States$2fast 615 0$aNational security 615 0$aPublic works$xSecurity measures$xUnited States. 676 $a355.033073 702 $aBernardes$b Wesley A. 801 0$bMiAaPQ 801 1$bMiAaPQ 801 2$bMiAaPQ 906 $aBOOK 912 $a9910136563703321 996 $aCritical infrastructure$93402395 997 $aUNINA LEADER 01331oam 2200313z- 450 001 9910149539403321 005 20230906203136.0 010 $a1-4824-5492-0 035 $a(CKB)3710000000933975 035 $a(BIP)057043924 035 $a(BIP)057047164 035 $a(VLeBooks)9781482454925 035 $a(EXLCZ)993710000000933975 100 $a20210505c2017uuuu -u- - 101 0 $aeng 200 $aFirst Spring Flowers 210 $cGareth Stevens Publishing LLLP 215 $a1 online resource (24 p.) $cill 225 $aWe Love Spring! 311 $a1-4824-5491-2 330 8 $aSpring is a time for flowers to bloom. The first flowers of spring are a sign that the long winter is finally over. These amazing flowers can often push through snow still on the ground, showing how hearty plants can be. From seed to bloom, vivid full-color photographs will dazzle beginning readers exploring how these amazing early-season plants survive in harsh conditions. While some bloom early and are gone by mid spring, others begin a long life of looking and smelling wonderful in someone's garden. 610 $aFlowers 610 $aSpring 610 $aJuvenile Nonfiction 700 $aHollow$b Stanley$01433148 906 $aBOOK 912 $a9910149539403321 996 $aFirst Spring Flowers$93578537 997 $aUNINA